| 000 | 01054nam a22002657a 4500 | ||
|---|---|---|---|
| 999 |
_c13377 _d13377 |
||
| 003 | AR-CdUCM | ||
| 008 | 190415b ||||| |||| 00| 0 spa d | ||
| 040 |
_aMUNICIPALIDAD PROVINCIAL DEL CUSCO _cBIBLIOTECA MUNICIPAL DEL CUSCO |
||
| 082 |
_a410 / _bD66 |
||
| 100 |
_aDumett, Rafael _931768 |
||
| 110 |
_aCONCYTEC _92809 |
||
| 245 |
_aDialogo de estudiantes de lingüística : _bPontificia universidad católica del Perú junio 1987 / |
||
| 260 |
_aLima : _bImpr.Lagos, _c1988. |
||
| 300 |
_a98 páginas ; _c20 cm. |
||
| 505 | _aContenido: Nota sobre el status de las relaciones horizontales -- Algunas observaciones acerca del sufijo - ista -- Problemas en la regla de transporte y negación -- Construcciones con Ser impersonal y doble FP... | ||
| 650 |
_aCONCYTEC _931769 |
||
| 650 |
_aPUCP _931770 |
||
| 650 |
_aCiencia y tecnología _98461 |
||
| 700 |
_aHaeberle, Erika _931771 |
||
| 700 |
_aMillones, Jorge _931772 |
||
| 700 |
_aPerez, Jorge _931773 |
||
| 700 |
_aSaona, Margarita _931774 |
||
| 942 |
_2ddc _cLIBROS |
||
| 945 |
_adavv _d15/04/2019 |
||